Bondad de la racionalidad. Un homenaje a la memoria de Norberto Bobbio (Record no. 656952)
[ view plain ]
| 000 -CABECERA | |
|---|---|
| Campo de control de longitud fija | 00461nab a2200145Ia 4500 |
| 003 - IDENTIFICADOR DEL NÚMERO DE CONTROL | |
| Campo de control | ES-SlBCS |
| 005 - FECHA Y HORA DE LA ÚLTIMA TRANSACCIÓN | |
| Campo de control | 20210601141215.0 |
| 008 - CÓDIGOS DE INFORMACIÓN DE LONGITUD FIJA | |
| Campo de control de longitud fija | 140529s2006 xxu||||| |||| 00| 0 spa d |
| 041 ## - CÓDIGO DE LENGUA | |
| Código de lengua del texto/banda sonora o título independiente | spa |
| 100 1# - PUNTO DE ACCESO PRINCIPAL-NOMBRE DE PERSONA | |
| Nombre de persona | Squella, Agustín |
| 9 (RLIN) | 216742 |
| 245 00 - MENCIÓN DE TÍTULO | |
| Título | Bondad de la racionalidad. Un homenaje a la memoria de Norberto Bobbio |
| Mención de responsabilidad, etc. | Agustín Squella |
| 600 14 - PUNTO DE ACCESO ADICIONAL DE MATERIA-NOMBRE DE PERSONA | |
| Nombre personal | Bobbio, Norberto |
| Fechas asociadas con el nombre | , 1909-2004 |
| 9 (RLIN) | 130615 |
| 773 0# - ENLACE AL DOCUMENTO FUENTE | |
| Título | Doxa |
| Parte(s) relacionada(s) | nº. 29, 2006, págs. 131-137 |
| Número de control del registro relacionado | Rev169 |
| 942 ## - ENTRADA DE ELEMENTOS AGREGADOS (KOHA) | |
| Koha [por defecto] tipo de item | Artículos de revista |
| Suprimido | Perdido | Estropeado | No para préstamo | Localización permanente | Localización actual | Localización en estantería | Fecha adquisición | Préstamos totales | Fecha última consulta | Fecha del precio de reemplazo | Tipo de item de Koha |
|---|---|---|---|---|---|---|---|---|---|---|---|
| San Esteban | San Esteban | Depósito de revistas | 11/07/2014 | 11/07/2014 | 11/07/2014 | Artículos de revista |
